Beaumarchais / (Record no. 155073)

MARC details
000 -LEADER
campo de control de longitud fija 00743nam a22002055i 4500
001 - NÚMERO DE CONTROL
campo de control 155073
003 - IDENTIFICADOR DE NÚMERO DE CONTROL
campo de control ES-MaACL
005 - FECHA Y HORA DE LA ÚLTIMA TRANSACCIÓN
campo de control 20260429201017.0
008 - DATOS DE LONGITUD FIJA--INFORMACIÓN GENERAL
campo de control de longitud fija 991001s1897 fr af |||| | fre d
040 ## - FUENTE DE CATALOGACIÓN
Centro catalogador/agencia de origen CAM
Lengua de catalogación spa
Centro/agencia transcriptor CAM
100 1# - ENTRADA PRINCIPAL--NOMBRE DE PERSONA
Nombre de persona Hallays, André (
Fechas asociadas al nombre 1859-1930)
9 (RLIN) 61583
245 10 - MENCIÓN DEL TÍTULO
Título Beaumarchais /
Mención de responsabilidad, etc. par André Hallays.
260 ## - PUBLICACIÓN, DISTRIBUCIÓN, ETC.
Lugar de publicación, distribución, etc. Paris :
Nombre del editor, distribuidor, etc. Librairie Hachette et Cie.,
Fecha de publicación, distribución, etc. 1897 (
Lugar de fabricación/manufactura Coulommiers :
Fabricante imp. P. Brodard)
300 ## - DESCRIPCIÓN FÍSICA
Extensión 188 p., [1] h. de lám. ;
Dimensiones 18 cm.
490 1# - MENCIÓN DE SERIE
Mención de serie Les grands écrivains français
600 #0 - PUNTO DE ACCESO ADICIONAL DE MATERIA--NOMBRE DE PERSONA
Nombre de persona Beaumarchais, Pierre Augustin Caron de,
Fechas asociadas al nombre 1732-1799
9 (RLIN) 239070
830 0# - PUNTO DE ACCESO ADICIONAL DE SERIE-TÍTULO UNIFORME
Título uniforme Les grands écrivains français
9 (RLIN) 182230
852 ## - LOCALIZACIÓN
Ubicación ES-MaACL
Número de control de estantería B-3184(2)
Nota libre -- Enc. pasta española con otra obra
Holdings
Estatus retirado Estado de pérdida Estado de daño No para préstamo Colección Biblioteca de origen Biblioteca actual Ubicación en estantería Fecha de adquisición Fuente de adquisición Total de préstamos Signatura topográfica completa Código de barras Visto por última vez Precio de reemplazo Tipo de ítem Koha
        Libros del s. XIX Biblioteca del Ateneo de Madrid Biblioteca del Ateneo de Madrid Sala Pardo Bazán 17/01/2008     B-3184(2) 1162213 23/02/2023 23/02/2023 Libro impreso antiguo